<?xml version="1.0" encoding="UTF-8"?>
<collection xmlns="http://www.loc.gov/MARC21/slim">
 <record>
  <leader>00851nam a22002171a 4500</leader>
  <controlfield tag="001">1/46942</controlfield>
  <controlfield tag="008">170210s1984    gr                  eng d</controlfield>
  <datafield tag="035" ind1=" " ind2=" ">
   <subfield code="l">49921</subfield>
  </datafield>
  <datafield tag="040" ind1=" " ind2=" ">
   <subfield code="a">DLC</subfield>
   <subfield code="b">GR-PeUP</subfield>
  </datafield>
  <datafield tag="082" ind1="0" ind2="0">
   <subfield code="a">332.46 BIT</subfield>
  </datafield>
  <datafield tag="100" ind1="1" ind2=" ">
   <subfield code="a">Bitros, George C.</subfield>
  </datafield>
  <datafield tag="245" ind1="1" ind2="0">
   <subfield code="a">Trade credit and the transmission of internationaldisturbances in a small open economy contex /</subfield>
   <subfield code="c">by George C. Bitros</subfield>
  </datafield>
  <datafield tag="260" ind1=" " ind2=" ">
   <subfield code="a">Athens :</subfield>
   <subfield code="b">Athens Schools of Economics and Business Science,</subfield>
   <subfield code="c">1984</subfield>
  </datafield>
  <datafield tag="300" ind1=" " ind2=" ">
   <subfield code="a">40 p. :</subfield>
   <subfield code="b">tables ;</subfield>
   <subfield code="c">24 cm.</subfield>
  </datafield>
  <datafield tag="490" ind1=" " ind2="0">
   <subfield code="a">Discussion papers (Athens School of Economics and Business Science) ; 6.</subfield>
  </datafield>
  <datafield tag="504" ind1=" " ind2=" ">
   <subfield code="a">Bibliography</subfield>
  </datafield>
  <datafield tag="650" ind1=" " ind2="4">
   <subfield code="a">Trade.</subfield>
  </datafield>
  <datafield tag="650" ind1=" " ind2="4">
   <subfield code="a">Credit money.</subfield>
  </datafield>
  <datafield tag="650" ind1=" " ind2="4">
   <subfield code="a">Monetary policy.</subfield>
  </datafield>
  <datafield tag="830" ind1=" " ind2="0">
   <subfield code="a">Discussion papers (Athens School of Economics and Business Science) ; 6.</subfield>
  </datafield>
  <datafield tag="852" ind1=" " ind2=" ">
   <subfield code="a">INST</subfield>
   <subfield code="b">UNIPILB</subfield>
   <subfield code="c">MAIN</subfield>
   <subfield code="e">20170210</subfield>
   <subfield code="h">332.46 BIT</subfield>
   <subfield code="p">00176816</subfield>
   <subfield code="q">00176816</subfield>
   <subfield code="t">LOAN</subfield>
   <subfield code="y">0</subfield>
   <subfield code="4">1</subfield>
  </datafield>
 </record>
</collection>
